[Event "OP-2012-0-02244"]
[Site "LSS email"]
[Date "2012.06.13"]
[Round "?"]
[White "Tarasov, Grigory Aleksandrov"]
[Black "Turgut, Ayhan"]
[Result "1-0"]
[WhiteElo "1707"]
[BlackElo "625"]
[PlyCount "29"]
[EventDate "2012.06.10"]
[EventType "tourn (corr)"]
[EventRounds "4"]
[EventCountry "GER"]
[SourceTitle "Corr 2015"]
[Source "ChessBase"]
[SourceDate "2015.07.17"]
[SourceVersion "1"]
[SourceVersionDate "2015.07.17"]
[SourceQuality "1"]

1. e4 e5 2. Nf3 Nc6 3. Bb5 a6 4. Ba4 Nf6 5. 0-0 Nxe4 6. d4 b5 7. Bb3 d5 8. dxe5 Be6 9. Nbd2 Nc5 10. c3 Be7 11. Bc2 0-0 12. Nb3 f6 13. exf6 Rxf6 14. Nxc5 Bg4 15. Be3 1-0

[Event "OP-2012-0-02244"]
[Site "LSS email"]
[Date "2012.06.13"]
[Round "?"]
[White "Turgut, Ayhan"]
[Black "Vontina, Maria"]
[Result "0-1"]
[WhiteElo "625"]
[BlackElo "810"]
[PlyCount "80"]
[EventDate "2012.06.10"]
[EventType "tourn (corr)"]
[EventRounds "4"]
[EventCountry "GER"]
[SourceTitle "Telechess CBM 153"]
[Source "ChessBase"]
[SourceDate "2013.03.14"]
[SourceVersion "1"]
[SourceVersionDate "2013.03.14"]
[SourceQuality "1"]

1. d4 Nf6 2. c4 g6 3. Nf3 Bg7 4. g3 0-0 5. Bg2 d6 6. 0-0 a6 7. Nc3 Bg4 8. e3 Nc6 9. h3 Bc8 10. b3 Re8 11. Bb2 e5 12. Re1 Rb8 13. Qc2 exd4 14. exd4 Bd7 15. d5 Ne7 16. Kh2 Nf5 17. Qd3 Rxe1 18. Rxe1 Qf8 19. Re2 Re8 20. Na4 Rxe2 21. Qxe2 Qe7 22. Qxe7 Nxe7 23. Bc3 Ne4 24. Bxg7 Kxg7 25. Nd4 Nf6 26. Nc3 Nf5 27. Nxf5+ Bxf5 28. a3 Bc2 29. b4 Bd3 30. c5 dxc5 31. bxc5 Kf8 32. d6 cxd6 33. cxd6 b6 34. g4 Ke8 35. Bc6+ Kd8 36. Kg3 Nd7 37. Kf4 h6 38. Ke3 Bc4 39. Kd4 Bf1 40. h4 Bh3 0-1

[Event "SN-2012-0-00438"]
[Site "LSS email"]
[Date "2012.06.08"]
[Round "?"]
[White "Lombardi, Donato"]
[Black "Turgut, Ayhan"]
[Result "1-0"]
[WhiteElo "804"]
[BlackElo "625"]
[PlyCount "27"]
[EventDate "2012.05.14"]
[EventType "tourn (corr)"]
[EventRounds "6"]
[EventCountry "GER"]
[SourceTitle "Corr 2015"]
[Source "ChessBase"]
[SourceDate "2015.07.17"]
[SourceVersion "1"]
[SourceVersionDate "2015.07.17"]
[SourceQuality "1"]

1. e4 e5 2. Nf3 Nc6 3. d4 exd4 4. Nxd4 Nf6 5. Nc3 Bb4 6. Nxc6 bxc6 7. Bd3 0-0 8. 0-0 Bxc3 9. bxc3 d6 10. Bg5 h6 11. Bh4 Bb7 12. Rb1 Rb8 13. Qf3 Ba8 14. Rxb8 1-0

[Event "SN-2012-0-00438"]
[Site "LSS email"]
[Date "2012.06.08"]
[Round "?"]
[White "Turgut, Ayhan"]
[Black "Mori, Roberto"]
[Result "1-0"]
[WhiteElo "625"]
[BlackElo "637"]
[PlyCount "45"]
[EventDate "2012.05.14"]
[EventType "tourn (corr)"]
[EventRounds "6"]
[EventCountry "GER"]
[SourceTitle "Telechess CBM 153"]
[Source "ChessBase"]
[SourceDate "2013.03.14"]
[SourceVersion "1"]
[SourceVersionDate "2013.03.14"]
[SourceQuality "1"]

1. d4 d5 2. Nc3 Nf6 3. f3 e6 4. e4 dxe4 5. fxe4 Bb4 6. Bd2 Bxc3 7. Bxc3 Nxe4 8. Qd3 Nf6 9. 0-0-0 0-0 10. Nf3 b6 11. Be2 Bb7 12. Rhe1 Ng4 13. Rf1 Bxf3 14. Bxf3 Qh4 15. Bxa8 Nf2 16. Rxf2 Qxf2 17. Be1 Qf4+ 18. Bd2 Qd6 19. Be4 Qxh2 20. Rf1 h6 21. g3 Qh5 22. Rh1 Qg4 23. Rh4 1-0

[Event "ZN-2012-0-01928"]
[Site "LSS email"]
[Date "2012.04.25"]
[Round "?"]
[White "Litvinov, Dmitrij"]
[Black "Turgut, Ayhan"]
[Result "1-0"]
[WhiteElo "971"]
[BlackElo "623"]
[PlyCount "63"]
[EventDate "2012.04.22"]
[EventType "match (corr)"]
[EventRounds "2"]
[EventCountry "GER"]
[SourceTitle "Telechess CBM 155"]
[Source "ChessBase"]
[SourceDate "2013.07.16"]
[SourceVersion "1"]
[SourceVersionDate "2013.07.16"]
[SourceQuality "1"]

1. e4 c6 2. d4 d5 3. Nc3 dxe4 4. Nxe4 Bf5 5. Nc5 e5 6. Nf3 Bxc5 7. dxc5 Qxd1+ 8. Kxd1 Nd7 9. Be3 0-0-0 10. Ke1 Ngf6 11. Bd3 Bxd3 12. cxd3 e4 13. dxe4 Nxe4 14. Ng5 Nxg5 15. Bxg5 Rhe8+ 16. Be3 f5 17. Kf1 h6 18. b4 g5 19. h4 f4 20. Bd4 Re4 21. Bf6 Nxf6 22. f3 Re7 23. hxg5 hxg5 24. Rh6 Nd5 25. Rh5 Rg7 26. Re1 g4 27. fxg4 Rxg4 28. Kf2 Rdg8 29. Rh2 Kc7 30. Kf3 Rg3+ 31. Kf2 Ne3 32. Rh7+ 1-0